| 000 | 00406nam a2200157Ia 4500 | ||
|---|---|---|---|
| 005 | 20240913102931.0 | ||
| 008 | 240806s9999||||xx |||||||||||||| ||eng|| | ||
| 041 | _ahin | ||
| 082 |
_a891.434008 _bTRIB |
||
| 100 | _aTripathi, Harishankar | ||
| 245 | 0 |
_aBhasha vaigyanik nibandh sangrah / _cHarishankar Tripathi |
|
| 260 |
_aPrayag: _bVedpeeth Prakashan , |
||
| 300 | _a0 | ||
| 650 | _aHindi | ||
| 942 | _cBK | ||
| 999 |
_c16044 _d16044 |
||